Marte e vénus recomeçando (Registo nº 10535)

Detalhes MARC
000 -Etiqueta do registo
Valores 00552nam a22001691i 4500
010 ## - Número ISBN
ISBN 9789727594832
090 ## -
-- 10535
100 ## - Dados gerais de processamento
Dados gerais 20170304u u u0frey50 ba
101 0# - Língua de publicação
-- por
200 1# - Titulo e menção de responsabilidade
Primeira menção de responsabilidade John Gray
Título próprio Marte e vénus recomeçando
Informação de outro título um guia prático para reencontrar o amor após uma separação traumática, um divórcio ou a perda da pessoa amada
210 ## - Publicação
Nome do editor Temas e Debates
Local de publicação Lisboa
Data de publicação 2002
215 ## - Descrição física 
Paginação / Volumes 331, [1] p.
Dimensões 21 cm
700 #1 - Autor principal (pessoa individual)
Apelido Gray
Nome John
-- 070
Datas 1913-
702 #1 - Autor secundário (pessoa individual)
Apelido Sauer
Nome Alyda Christina
-- 730
801 ## - Fonte de origem
País PT
Regras de catalogação RPC
990 ## - Elementos KOHA
Tipo de documento Livro
Exemplares
Situação do levantamento Estado Biblioteca de origem Biblioteca de empréstimo Código de barras Cota Permissão de empréstimo Tipo de documento
  Completo Biblioteca Municipal de Viana Do Alentejo Biblioteca Municipal de Viana Do Alentejo 0014921 159.9 GRA Disponível Livro
  Completo Biblioteca Municipal de Viana Do Alentejo Biblioteca Municipal de Viana Do Alentejo Pólo Aguiar 0017416 159.9 GRA Disponível Livro
  Completo Biblioteca Municipal de Viana Do Alentejo Biblioteca Municipal de Viana Do Alentejo Pólo Alcáçovas 0002788AL 159.9 GRA Disponível Livro




Powered by Koha